Breve historia del teatro argentino : la organización nacional /

Guardado en:
Autor Principal: Ordaz, Luis
Formato: Libro
Publicado: Buenos Aires : Eudeba, 1962
Series:Del Siglo y Medio ; No. 39
Materias:
Etiquetas: Agregar Etiqueta
Sin Etiquetas, Sea el primero en etiquetar este registro!
LEADER 00751nam a22002295a 4500
001 CEM.cems004762
005 20060217000000.0
008 130507s1962##################000#0#####d
003 CEMS
082 0 4 |a A862 
100 1 |a Ordaz, Luis 
245 1 0 |a Breve historia del teatro argentino :  |b la organización nacional / 
260 |a Buenos Aires :  |b Eudeba,  |c 1962 
300 |a 159 p. 
490 0 |a Del Siglo y Medio ; No. 39 
505 0 |a Juan Moreira.- Don Pascual.- Justicia criolla.- Ensalada criolla.- 
653 |a Literatura 
653 |a Literatura argentina 
653 |a Teatro 
653 |a Teatro argentino 
859 |a CEMS  |b BIB. CEMS - 11 de abril  |h A862  |i B758/II  |p 9186.81  |t Ej.1 
859 |a CEMS  |b BIB. CEMS - 11 de abril  |h A862  |i B758/II  |p 9367.81  |t Ej.2